The state of Scotland's soil (Record no. 112698)

MARC details
000 -LEADER
fixed length control field 00904cad a22002175a 4500
001 - CONTROL NUMBER
control field E153786
008 - FIXED-LENGTH DATA ELEMENTS--GENERAL INFORMATION
fixed length control field 110830s2011 xxk f 000 0 eng d
035 ## - SYSTEM CONTROL NUMBER
System control number (Sirsi) u153786
041 0# - LANGUAGE CODE
Language code of text/sound track or separate title eng
245 04 - TITLE STATEMENT
Title The state of Scotland's soil
Medium [electronic resource]
260 ## - PUBLICATION, DISTRIBUTION, ETC.
Place of publication, distribution, etc. [S.l.]
Name of publisher, distributor, etc. Natural Scotland
Date of publication, distribution, etc. 2011
520 ## - SUMMARY, ETC.
Summary, etc. Discusses the processes and mechanisms that affect the state of the soil, their effect on soil functions, and the consequences for the environment, the economy and society. Also looks at possible management responses.
590 ## - LOCAL NOTE (RLIN)
Local note KA
651 #4 - SUBJECT ADDED ENTRY--GEOGRAPHIC NAME
Geographic name Scotland
Chronological subdivision 1999-
690 ## - LOCAL SUBJECT ADDED ENTRY--TOPICAL TERM (OCLC, RLIN)
Topical term or geographic name as entry element BUILT ENVIRONMENT-BUILDING MATERIALS-NON CEMENTITIOUS MATERIALS-NATURAL SOILS
700 1# - ADDED ENTRY--PERSONAL NAME
Personal name Dobbie, K. E.
700 1# - ADDED ENTRY--PERSONAL NAME
Personal name Bruneau, P. M. C.
700 1# - ADDED ENTRY--PERSONAL NAME
Personal name Towers, W.
856 40 - ELECTRONIC LOCATION AND ACCESS
Uniform Resource Identifier <a href="https://www.sepa.org.uk/land/land_publications.aspx">https://www.sepa.org.uk/land/land_publications.aspx</a>
Public note View the report free of charge at www.sepa.org.uk
942 ## - ADDED ENTRY ELEMENTS (KOHA)
Suppress in OPAC 0
Holdings
Withdrawn status Lost status Source of classification or shelving scheme Damaged status Not for loan Home library Current library Shelving location Date acquired Total Checkouts Full call number Barcode Date last seen Copy number Price effective from Koha item type
    Dewey Decimal Classification     Virtual Virtual Online 30/08/2011   ONLINE PUBLICATION 153786-2001 06/08/2019 1 06/08/2019 Book